Effective supply teaching : Behaviour management, classroom discipline, and colleague support

Effective Supply Teaching, a new title from bestselling author Bill Rogers, addresses the issues important to supply teachers and identifies the skills necessary for handling the demands they face. It tackles the challenges of dealing with new classes, managing challenging student behaviour, working...

Deskribapen osoa

Gorde:
Xehetasun bibliografikoak
Egile nagusia: Rogers, Bill
Formatua: Liburua
Hizkuntza:Undetermined
Argitaratua: London P. Chapman Pub. 2003
Gaiak:
Etiketak: Etiketa erantsi
Etiketarik gabe, Izan zaitez lehena erregistro honi etiketa jartzen!
Thư viện lưu trữ: Trung tâm Học liệu Trường Đại học Cần Thơ
LEADER 01379nam a2200229Ia 4500
001 CTU_238432
008 210402s9999 xx 000 0 und d
082 |a 371.14 
082 |b R724 
100 |a Rogers, Bill 
245 0 |a Effective supply teaching : 
245 0 |b Behaviour management, classroom discipline, and colleague support 
245 0 |c Bill Rogers. 
260 |a London 
260 |b P. Chapman Pub. 
260 |c 2003 
520 |a Effective Supply Teaching, a new title from bestselling author Bill Rogers, addresses the issues important to supply teachers and identifies the skills necessary for handling the demands they face. It tackles the challenges of dealing with new classes, managing challenging student behaviour, working with new groups of students and colleagues, making a fresh start with difficult classes and receiving the professional status deserving of the role. Numerous ideas for schools to effectively support supply teachers, and case studies of the author′s work with supply teachers in the United Kingdom and Australia are also included′ 
526 |a Quản lý lớp học trong giảng dạy tiếng Anh 
526 |b SPA605 
650 |a Effective teaching.,Classroom management.,Quản lý lớp học,Giảng dạy hiệu quả. 
910 |a Tuyến 
980 |a Trung tâm Học liệu Trường Đại học Cần Thơ